000 00578nam a22001937a 4500
003 OSt
005 20180116183013.0
008 150918b xxu||||| |||| 00| 0 eng d
020 _a9788175545212
040 _c0
082 _a658.3142 ARM 2010
100 _aMichael Armstrong & Duncan Brown
245 _aStrategic Reward
_bImplementing more effective reward management
_cMichael Armstrong & Duncan Brown
260 _aNew Delhi
_bKogan Page
_c2010
300 _a266 p.
_bPB
440 _aStrategic Reward
600 _aMichael Armstrong & Duncan Brown
942 _2ddc
_cBK
999 _c350363
_d350363